00608nam a2200205Ia 4500003000400000005001700004008004100021040000700062041000800069082001300077100002000090245003300110260004600143300000800189650002300197700002400220942001300244999001900257952012600276OSt20250829122432.0250729s2005 xx 000 0 und d cAL aeng a200 MCGW aMc Graw9222325 a60 ways to let yourself grow aMumbaibBetter Yourself Publicationc2005 a64p aGeneraliya9222326 aMartha Mary9222327 2ddccBED c235410d235410 00104070aALbALd2025-07-29eSita Book Houseg20.00l0o200 MCGWpBED00729r2025-07-29 16:53:58v20.00w2025-07-29yBK